000 01422nam a2200313Ia 4500
999 _c5637
_d5637
003 OSt
005 20200623161805.0
008 191128s1964 mx gr 000 0 spa d
040 _aCO-JMCR
_cCO-JMCR
041 1 _aspa
_heng
082 0 4 _a330.1556 /
_bA161l
_223
100 1 _aAbramovitz, Moses,
_eautor
_96041
245 1 3 _aLa asignación de los recursos económicos :
_bensayos en honor de Bernard Francis Haley /
_cpor, Moses Abramovitz, Armen Alchian, Kenneth J. Arrow [y otros] ; traducción del inglés por Francisco Rostro
250 _aPrimera edición
260 _aMéxico :
_bCompañía General de Ediciones,
_c1964.
300 _a336 páginas ;
_c20 cm.
490 0 _aColección de ensayos de Moses Abramovitz y otros
505 0 _aInterpretaci+on de las tendencias seculares del producto y del ingreso nacionales desde el punto de vista del bienestar -- Los costos y la producción -- Hacia una teoría del ajuste de precios -- Reflexiones sobre el subconsumo
534 _pThe allocation of economic resources
546 _aTraducido del inglés
650 1 4 _aEconomía del bienestar
_93975
650 2 4 _aAsignación de recursos
_96042
650 2 4 _aRecursos financieros
_96043
650 2 4 _aRentas
_xEconomía Precios
_96044
700 1 _aAlchian, Armen,
_eautor
_96045
700 1 _aArrow, Kenneth J.,
_eautor
_96046
700 1 _aRostro, Francisco,
_etraductor
_96047
942 _2ddc
_cBK